Quel philosophe a dit ça ? - Statistiques

Statistiques générales
  • Ce quiz a été pris 331 fois
  • Le résultat moyen est 6 sur 20
Statistiques - réponses
Citation Philosophe % Correct
Je pense donc je suis. René Descartes
96%
Ce que je sais, c'est que je ne sais rien. Socrate
78%
Le coeur a ses raisons que la raison ne connaît pas. Blaise Pascal
71%
La vie oscille, comme un pendule, de la souffrance à l'ennui. Arthur Schopenhauer
63%
L'existence précède l'essence. Jean-Paul Sartre
61%
La religion est l’opium du peuple. Karl Marx
60%
Le moi n'est pas maître dans sa propre maison. Sigmund Freud
56%
L'art de la guerre, c'est de soumettre l'ennemi sans combat. Sun Tzu
38%
Science sans conscience n'est que ruine de l'âme. François Rabelais
33%
Celui qui cherche la sagesse est un sage, celui qui croit l’avoir trouvée est un fou. Sénèque
19%
On ne peut apprendre la philosophie, on peut apprendre à philosopher. Emmanuel Kant
15%
Le vin est le lait des vieillards. Platon
12%
L’homme libre ne pense à rien moins qu’à la mort, et sa sagesse est une méditation, non de la mort, mais de la vie Baruch Spinoza
8%
Tu peux, à l’heure que tu veux, te retirer en toi-même. Nulle part l’homme ne trouve de plus tranquille et de plus calme retraite que dans son âme. Marc-Aurèle
8%
L’homme n’est rien d’autre que la série de ses actes. Georg Wilhelm Friedrich Hegel
7%
Le travail éloigne de nous trois grands maux : l’ennui, le vice et le besoin. Voltaire
7%
La vérité est l’accord entre l’intelligence et les choses. Saint-Thomas
4%
Le désir de connaître le pourquoi et le comment est appelé curiosité. Thomas Hobbes
4%
On doit exiger de moi que je cherche la vérité, mais non que je la trouve. Denis Diderot
3%
Il y a deux façons de se tromper : l'une est de croire ce qui n'est pas, l'autre est de refuser de croire ce qui est. Sören Kierkegaard
2%
Aucun quiz correspondant
Distribution des résultats
% des personnes avec chaque résultat
Percentile par nombre de réponses
Votre historique - résultats
Vous n’avez pas pris ce quiz